00600cam a2200193 a 450000100100000000500170001000800410002701000160006804000250008408200260010910000340013524500250016925000110019426000490020530000280025450400730028265000290035565000220038400000287020200929150256.0910418s1950 gt 001 0 spa  altf91046026 aDO-SdBNPbspacBNPHU aMe861.08bL257r, 19501 aLandivar, Rafael,d1731-1793.10aRusticatio mexicana. a3a ed. aGuatemala :bEditorial Universitaria,c1950. a209 p. :bil. ;c20 cm. aIncluye referencias bibliográficas y notas al pie de las páginas 4aPoesía centroamericana 4aPoesía mexicana